Statistics for Guess the Five Countries by an Unknown Category by Continent

Click here to take the quiz!

General Stats

  • This quiz has been taken 870 times
  • The average score is 22 of 31

Answer Stats

Continent Capital Pop. Country % Correct
Asia20,693,000China
90%
Europe8,630,100United Kingdom
90%
Europe11,541,000Russia
88%
Oceania354,644Australia
87%
South America2,648,532Brazil
87%
Oceania398,300New Zealand
86%
Europe3,520,000Germany
86%
Asia16,787,949India
85%
North America8,851,080Mexico
84%
South America2,891,082Argentina
83%
South America5,084,038Chile
82%
South America7,613,303Colombia
81%
South America8,481,415Peru
81%
Europe3,233,527Spain
80%
Africa10,230,350Egypt
79%
Asia13,189,000Japan
79%
North America2,135,498Cuba
77%
Oceania84,410Fiji
73%
Asia10,187,595Indonesia
73%
Oceania299,396Papua New Guinea
72%
Africa10,125,000D.R. Congo
71%
North America1,235,227Haiti
67%
Africa3,040,740Ethiopia
65%
North America1,022,000Guatemala
64%
North America1,111,838Dominican Republic
62%
Oceania59,288Solomon Islands
61%
Africa3,138,369Kenya
59%
Asia12,877,253Philippines
52%
Europe3,090,508Greece
51%
Africa2,765,568Cameroon
29%
UNKNOWN
8%

Score Distribution

Percentile by Number Answered

Percent of People with Each Score

Your Score History

You have not taken this quiz